000 00675nam a2200217Ii 4500
001 16020
003 CO-ViMGA
008 241108s9999||||xx |||||||||||||| ||und||
020 _a9789588418230
040 _aCO-ViMGA
_bspa
_erda
_cCO-ViMGA
041 0 _aunk
082 0 4 _aCo861.6 G65c
100 1 _aLuis Felipe González
_955972
245 1 0 _aCanto árbol
264 1 _a[Lugar de publicación no identificado] : Común Presencia Editores, [Fecha de publicación no identificada]
300 _avolumen
336 _atext
_btxt
_2rdacontent
337 _aunmediated
_bn
_2rdamedia
338 _avolume
_bnc
_2rdacarrier
940 _aidficha_siabuc: 15690. -- ficha_no_siabuc:16020
999 _c53723
_d53723